01676nam a2200409 i 450000100060000000300020000600500170000800600190002500700150004400800410005902000450010002000180014503500220016304000310018505000220021608200140023824501100025225000230036226401050038530000580049033600310054833700330057933800430061249000550065558800830071059001620079365000220095565000210097765500270099870000380102570000380106379700180110183000560111985600630117594200110123899900170124976106020241217151252.0m o u cr cn|||||||||220405s2018 mx a o 000 0 spa d a9786075391618q(versión electrónica) z9786074848069 a(OCoLC)1311929699 aFINmELBbspaerdacFINmELB 4aGN293b.R445 201804a393.322300aReflexiones sobre cuerpos momificados /cJosefina Mansilla Lory, Ilan S. Leboreiro Reyna (coordinadores). aPrimera edición. 1aMéxico, D.F. :bInstituto Nacional de Antropología e Historia :bSecretaría de Cultura,c2018. a1 recurso en línea (267 páginas) :bilustraciones atextobtxt2rdacontent/spa acomputadorabc2rdamedia/spa arecurso en líneabcr2rdacarrier/spa1 aColección Antropología física. Serie Sumaria aDescripción basada en metadatos suministrados por el editor y otras fuentes. aRecurso electrónico. Santa Fe, Arg.: elibro, 2022. Disponible vía World Wide Web. El acceso puede estar limitado para las bibliotecas afiliadas a elibro. 4aMomiaszMéxico. 0aMummieszMexico. 4aLibros electrónicos.1 aMansilla Lory, Josefina,eeditor.1 aLeboreiro Reyna, Ilan S,eeditor.2 aelibro, Corp. 0aColección Antropología física. Serie Sumaria.40uhttps://elibro.net/ereader/politecnicointernacional/196020 cLIBROS c76106d76106